|
|
|
|
| LEADER |
00745cam a2200217 7i4500 |
| 001 |
0000051518 |
| 005 |
20180411090000.0 |
| 008 |
180411 eng |
| 020 |
|
|
|a 0324205716
|
| 090 |
0 |
0 |
|a HB171.5
|b .T85 2005
|
| 100 |
1 |
|
|a Tucker, Irvin B
|
| 245 |
1 |
0 |
|a Economics for today
|c Irvin B. Tucker.
|
| 250 |
|
|
|a 4th ed.
|
| 260 |
|
|
|a Australia:
|b Thomson/South-Western,
|c 2005.
|
| 300 |
|
|
|a xxxi, 819 p.:
|b col. ill.;
|c 26 cm.
|
| 500 |
|
|
|a Gift: Faculty of Business & Accountancy
|
| 504 |
|
|
|a Includes bibliographical references and index
|
| 650 |
0 |
0 |
|a Economics
|
| 651 |
|
0 |
|a United States economic conditions --
|y 1981-2001
|
| 997 |
|
|
|a Business & Accountancy, Faculty
|
| 999 |
|
|
|a 0000059914
|b BOK
|c OPEN SHELF
|e 1st Floor, Shah Alam
|